000 00444cam a2200181 4500
001 D5760
008 090401t1983 xxu||||| |||| 00| 0 eng d
035 _a(Sirsi) u67447
041 _aeng
050 _a692.8
100 _aHughes, G.A.
245 _aBuilding and Civil Engineering claims in perspective.
260 _aLondon
_bConstruction Press
_c1983
300 _aviii. 232p. 30cm
350 _a25
942 _n0
948 _c04/03/1997
999 _c95012
_d95012